Differential Equations (Record no. 248827)

MARC details
000 -LEADER
fixed length control field 00463nam a22001817a 4500
008 - FIXED-LENGTH DATA ELEMENTS--GENERAL INFORMATION
fixed length control field 241122b |||||||| |||| 00| 0 eng d
082 ## - DEWEY DECIMAL CLASSIFICATION NUMBER
Classification number 515.35
100 ## - MAIN ENTRY--PERSONAL NAME
Personal name Narayanan S
245 ## - TITLE STATEMENT
Title Differential Equations
Statement of responsibility, etc Narayanan S; Manicavachagom Pillay T K
250 ## - EDITION STATEMENT
Edition statement 1st
260 ## - PUBLICATION, DISTRIBUTION, ETC. (IMPRINT)
Place of publication, distribution, etc Madras
Name of publisher, distributor, etc Viswanathan Pvt. Ltd.
Date of publication, distribution, etc 1981
500 ## - GENERAL NOTE
General note Transfered
500 ## - GENERAL NOTE
General note Mathematics
650 ## - SUBJECT ADDED ENTRY--TOPICAL TERM
Form subdivision Mathematics
942 ## - ADDED ENTRY ELEMENTS (KOHA)
Item type Books
Holdings
Withdrawn status Lost status Damaged status Permanent location Current location Shelving location Date acquired Cost, normal purchase price Full call number Barcode Date last seen Koha item type
      CENTRAL LIBRARY, NOORUL ISLAM CENTRE FOR HIGHER EDUCATION CENTRAL LIBRARY, NOORUL ISLAM CENTRE FOR HIGHER EDUCATION Mathematics 11/22/2024 10.00 515.35 M1 83450 11/22/2024 Books
Visitors:
Copyright © 2024 Central Library NICHE.  All rights reserved.